Designs on nature : science and democracy in Europe and the United States
Αποθηκεύτηκε σε:
| Κύριος συγγραφέας: | |
|---|---|
| Μορφή: | Βιβλίο |
| Γλώσσα: | English |
| Δημοσίευση: |
Princeton, N.J. :
Princeton University Press,
c2005
|
| Θέματα: | |
| Ετικέτες: |
Προσθήκη ετικέτας
Δεν υπάρχουν, Καταχωρήστε ετικέτα πρώτοι!
|
MARC
| LEADER | 00000nam a2200000 i 4500 | ||
|---|---|---|---|
| 001 | 1/82240 | ||
| 008 | 080414s2005 eng d | ||
| 020 | |a 978-0-691-11811-6 | ||
| 020 | |a 0-691-11811-6 | ||
| 035 | |l 10096623 | ||
| 040 | |a GR-MY-UA |b gre |e aacr | ||
| 041 | 0 | |a eng | |
| 082 | 0 | |a 338.926 |2 (22) | |
| 100 | 1 | |a Jasanoff, Sheila. | |
| 245 | 1 | 0 | |a Designs on nature : |b science and democracy in Europe and the United States / |c Sheila Jasanoff |
| 260 | |a Princeton, N.J. : |b Princeton University Press, |c c2005 | ||
| 300 | |a xiii, 374 σ.; |b εικ., πίν.; |c 24 εκ. | ||
| 504 | |a Βιβλιογραφία: σ. 339-359 | ||
| 504 | |a Ευρετήριο: σ. 361-374 | ||
| 650 | 0 | 0 | |a Democracy and science |z Europe. |
| 650 | 0 | 0 | |a Democracy and science |z United States. |
| 852 | |a INST |b LESVOS |e 20080414 |h 338.926 JAS |p 005100038646 |q 005100038646 |t BK |y 0 | ||
| 901 | |a BIBL1-2008-1 | ||
| 909 | |a Λ |b 144223 | ||
| 922 | |a 1ΕΛΗ |b 200801 |c ΕΠΕΑΕΚ2/ΤΠ |d ΠΑΠΑΣΩΤΗΡΙΟΥ | ||
| 970 | |a ΓΙΑΛΑΜΑ |b ΜΑΡΙΑ |z 2008/04/14 | ||